00745 2200265 4500001002100000005001500021035002000036007000300056008004100059020002200100082000800122084001400130100002100144245011000165260004200275300003600317500001400353650001800367700001600385700001400401504002600415250001400441990001200455990001200467INLIS00000000000269820220428104119 a0010-0119000050ta220428 g 0 ind  a978-602-394-694-5 a612 a612 STA e1 aSTANPS, Caroline1 aEnsiklopedia Jelajah Tubuh Manusia /cCaroline Stamps; pengalih bahasa, Andi Wahyu; penyunting, Mursyidah aJakarta :bBhuana Ilmu Populer,c2017 a56 hlm. :bilus. ;c20 X 26 cm. aGlosarium 4aTUBUH MANUSIA0 aANDI, Wahyu0 aMURSYIDAH aBibliografi : hlm. 56 aEd.Revisi a16903 a a16903 b